| 000 | 00897cam a22002055a 4500 | ||
|---|---|---|---|
| 001 | L155832 | ||
| 008 | 120417s1824 xxk f 000 0 eng d | ||
| 035 | _a(Sirsi) u155832 | ||
| 041 | 0 | _aeng | |
| 100 | 1 |
_aTooke, Thomas _d1774-1858 |
|
| 245 | 0 | 0 |
_aThoughts and details on the high and low prices of the thirty years _bfrom 1793 to 1822 |
| 250 | _a2nd ed. | ||
| 260 |
_aLondon _bJohn Murray _c1824 |
||
| 300 |
_a1 v. (various pagings) _btables (some fold.) _c22 cm. |
||
| 505 | 2 | _apt. I. On the effect of alterations in the currency -- pt. II. On the effect of war -- pt. III. On the effect of the seasons -- pt. IV. On the combined effects of alterations in the currency, of war, and of the seasons; with statements of prices and quantities. | |
| 583 |
_aCondition reviewed _c20120620 _lcondition level 1 |
||
| 651 | 4 |
_aGreat Britain _y1707- |
|
| 690 | _aBusiness and management | ||
| 942 | _n0 | ||
| 999 |
_c113861 _d113861 |
||